000 00397nam a2200157Ia 4500
005 20250529022050.0
008 240331s9999 xx 000 0 und d
082 _a302.234
_bWIJ
100 _aWijayasooriya, W
245 0 _aVenas vana gahanu sith :
_b Pabavathi Kavsilumina
260 _acolombo
_bW. p. Jinadasa
_c1968
300 _a195 p .,
650 _awomen
650 _agender
942 _cL
999 _c1161
_d1161